|
|
|
|
| LEADER |
02720nam a2200709 i 4500 |
| 001 |
nkc20172962755 |
| 003 |
CZ PrNK |
| 005 |
20180130084153.0 |
| 007 |
ta |
| 008 |
171227s2017 xr e 000 0dcze |
| 015 |
|
|
|a cnb002962755
|
| 020 |
|
|
|a 978-80-7298-257-8
|q (soubor v krabici)
|
| 020 |
|
|
|a 978-80-7298-335-3
|q (v knize neuvedeno ;
|q brožováno)
|
| 035 |
|
|
|a (OCoLC)1022785086
|
| 040 |
|
|
|a ABA001
|b cze
|e rda
|
| 041 |
1 |
|
|a cze
|h ger
|
| 043 |
|
|
|a ec-----
|
| 045 |
|
|
|a x-y-
|
| 072 |
|
7 |
|a 323
|x Vnitropolitický vývoj, politický život
|2 Konspekt
|9 15
|
| 072 |
|
7 |
|a 929
|x Biografie
|2 Konspekt
|9 8
|
| 080 |
|
|
|a 323.12"1939/1945"-053.15
|2 MRF
|
| 080 |
|
|
|a (=411.16)
|2 MRF
|
| 080 |
|
|
|a 929
|2 MRF
|
| 080 |
|
|
|a 323.12"1939/1945"
|2 MRF
|
| 080 |
|
|
|a 159.953.34
|2 MRF
|
| 080 |
|
|
|a (4-191.2)
|2 MRF
|
| 080 |
|
|
|a (049)
|2 MRF
|
| 080 |
|
|
|a (0:82-94)
|2 MRF
|
| 130 |
0 |
|
|a Mit meiner Vergangenheit lebe ich.
|l Česky
|
| 245 |
1 |
0 |
|a Žiji se svou minulostí :
|b vzpomínky těch, kdo přežili holokaust /
|c sestavil a vydal Ivan Lefkovits ; s 15 reprodukcemi obrazů Gerharda Richtera
|
| 250 |
|
|
|a První vydání v češtině
|
| 264 |
|
1 |
|a [Praha] :
|b OIKOYMENH,
|c [2017]
|
| 300 |
|
|
|a 39 stran ;
|c 22 cm
|
| 336 |
|
|
|a text
|b txt
|2 rdacontent
|
| 337 |
|
|
|a bez média
|b n
|2 rdamedia
|
| 338 |
|
|
|a svazek
|b nc
|2 rdacarrier
|
| 490 |
1 |
|
|a Žiji se svou minulostí : vzpomínky těch, kdo přežili holokaust ;
|v sešit 16
|
| 500 |
|
|
|a Přeloženo z němčiny
|
| 500 |
|
|
|a Název z obálky
|
| 500 |
|
|
|a Úvodní sešit k souboru 15 samostatných sešitů vzpomínek distribuovaných ve společném kartonovém pouzdru (23 cm) s ISBN 978-80-7298-257-8
|
| 504 |
|
|
|a Obsahuje bibliografické odkazy
|
| 648 |
|
7 |
|a 20.-21. století
|7 ch462155
|2 czenas
|
| 650 |
0 |
7 |
|a přeživší holocaust
|7 ph852432
|2 czenas
|
| 650 |
0 |
7 |
|a Židé
|7 ph127782
|z Evropa střední
|y 20.-21. století
|2 czenas
|
| 650 |
0 |
7 |
|a holocaust (1939-1945)
|7 ph117203
|2 czenas
|
| 650 |
0 |
7 |
|a vzpomínky
|7 ph524440
|2 czenas
|
| 650 |
0 |
9 |
|a holocaust survivors
|2 eczenas
|
| 650 |
0 |
9 |
|a Jews
|z Europe, Central
|y 20th-21st centuries
|2 eczenas
|
| 650 |
0 |
9 |
|a holocaust (1939-1945)
|2 eczenas
|
| 650 |
0 |
9 |
|a recalls
|2 eczenas
|
| 655 |
|
7 |
|a stati
|7 fd133586
|2 czenas
|
| 655 |
|
7 |
|a medailony
|7 fd185951
|2 czenas
|
| 655 |
|
9 |
|a writings
|2 eczenas
|
| 655 |
|
9 |
|a biographical portraits
|2 eczenas
|
| 700 |
1 |
|
|a Lefkovits, Ivan,
|d 1937-
|7 mzk2002112059
|4 edt
|
| 700 |
1 |
|
|a Richter, Gerhard,
|d 1932-
|7 mzk2005272915
|4 ill
|
| 830 |
|
0 |
|a Žiji se svou minulostí
|0 s
|
| 910 |
2 |
|
|a BOA001
|b 2-1401.391
|
| 990 |
|
|
|a BK
|
| 995 |
|
|
|a 01
|
| 991 |
|
|
|b 201801
|c NOV
|
| 996 |
6 |
|
|b 2610731052
|c 2-1401.391
|l MZK
|r Sklad / do 1 hodiny
|n 0
|p p.v.
|w 001646847
|u 000010
|a 1
|e BOA001
|j MZK50
|s P
|